Múltunk jelenidőben A budapesti történelmi épületekben működő luxusszállodák vizsgálata
| Main Author: | |
|---|---|
| Other Authors: | |
| Format: | Thesis |
| Kulcsszavak: | Budapest funkcióváltás luxusszálloda történelmi épület vendégélmény |
| Online Access: | http://dolgozattar.uni-bge.hu/59436 |
MARC
| LEADER | 00000nta a2200000 i 4500 | ||
|---|---|---|---|
| 001 | dolg59436 | ||
| 005 | 20260409145041.0 | ||
| 008 | 260409suuuu hu om 000 hun d | ||
| 040 | |a BGE Dolgozattár Repozitórium |b hun | ||
| 041 | |a hu | ||
| 100 | 1 | |a Szabó Adél | |
| 245 | 1 | 0 | |a Múltunk jelenidőben |b A budapesti történelmi épületekben működő luxusszállodák vizsgálata |c Szabó Adél |h [elektronikus dokumentum] |
| 520 | 3 | |a A kutatás célja olyan különleges múlttal rendelkező Budapesten található történelemi épületek vizsgálata, amelyek napjainkban luxusszállodákként funkcionálnak. A dolgozat körbejárja a történelmi épületek helyzetét a turizmus rendszerében, azok turisztikai hasznosításának lehetőségeit. A vizsgált esettanulmányok a gyakorlatban megvalósult példákon keresztül mutatják be a budapesti történelmi épületek luxusszállodává való alakítását. A kutatás célja annak a feltárása, hogy milyen módon jelenik meg az épület történelmi múltja és annak előző funkciói a jelenlegi szállodai környezetben. Emellett kitér arra is, hogy az épület történelme miképpen hat a vendégélményre. Végül, a kutatás harmadik pillére, a helyi közösség viszonyulása a történelmi épületben megvalósuló szállodanyitáshoz Budapesten. A kutatás egy szakirodalmi áttekintéssel kezdődik, amelyben a luxusszállodák történelmi épületeinek az elméleti háttere kerül bemutatásra. A kutatás primer adatfelvételi részében a témában jártas szállodai szakemberekkel készült félig strukturált interjúk eredményei érhetőek el. A kutatás második felében félig strukturált módszertan került alkalmazásra, amely lehetőséget biztosít a szálloda nyilvános tereinek vizsgálatára. A kutatási eredmények alapján megállapítható, hogy a budapesti turisztikai piacon van lehetőség a régi épületek, olyfajta funkcióváltására, amely során luxusszállodává alakulnak. Az épületek ilyen módon tovább fennmaradnak és kiegészülnek modernkori elemekkel, miközben megtartják történelmi mivoltukat. Az ilyen funkcióváltásra a luxusszektornak van lehetősége, mert ennek a területnek áll rendelkezésre olyan finanszírozási háttér, amely tőkeigényes épületrenoválás és üzemeltetés mellett is képes piacképes maradni. Az ilyen luxusszállodák beleépítik a designelemeikbe és/vagy marketingkommunikációs anyagaikba a történelmi mivoltukat. Az interjúk során kiderült, hogy a helyi közösség nyitottan és pozitívan fogadta a szállodák megnyitását és a mai napig érdeklődnek az épület iránt, igaz inkább az idősebb generáció, hiszen jelenleg a fiatalabb generáció inkább csak a szolgáltatások miatt lesz visszatérő vendég. | |
| 695 | |a Budapest | ||
| 695 | |a funkcióváltás | ||
| 695 | |a luxusszálloda | ||
| 695 | |a történelmi épület | ||
| 695 | |a vendégélmény | ||
| 700 | 1 | |a Juhász-Dóra Katalin |e ths | |
| 856 | 4 | 0 | |u http://dolgozattar.uni-bge.hu/59436/1/Szab%C3%B3%20Ad%C3%A9l%20O1D6MG_Szakdolgozat_v%C3%A9gleges.pdf |z Dokumentum-elérés |
| 856 | 4 | 0 | |u http://dolgozattar.uni-bge.hu/59436/2/Szab%C3%B3%20Ad%C3%A9l%20O1D6MG_Szakdolgozati%20rez%C3%BCm%C3%A9.pdf |z Dokumentum-elérés |
| 856 | 4 | 0 | |u http://dolgozattar.uni-bge.hu/59436/3/JDK_Szab%C3%B3%20Ad%C3%A9l_szakdolgozat%20b%C3%ADr%C3%A1lat.pdf |z Dokumentum-elérés |
| 856 | 4 | 0 | |u http://dolgozattar.uni-bge.hu/59436/4/Szab%C3%B3.pdf |z Dokumentum-elérés |